The fortress / (Record no. 16768)
[ view plain ]
| 000 -LEADER | |
|---|---|
| fixed length control field | 00390cam a22001451 4500 |
| 040 ## - CATALOGING SOURCE | |
| Transcribing agency | DLC |
| 082 00 - DEWEY DECIMAL CLASSIFICATION NUMBER | |
| Classification number | 947 SIM 1967 A114 Or. |
| 100 1# - MAIN ENTRY--AUTHOR NAME | |
| Personal name | Payne, Robert, |
| 245 14 - TITLE STATEMENT | |
| Title | The fortress / |
| 260 ## - PUBLICATION, DISTRIBUTION, ETC. (IMPRINT) | |
| Place of publication | New York : |
| Name of publisher | Simon and Schuster, |
| Year of publication | c1967 |
| 300 ## - PHYSICAL DESCRIPTION | |
| Number of Pages | 448 p., [16] p. of plates : |
| Other physical details | ill., maps, ports. ; |
| Dimensions | 24 cm |
| 650 #0 - SUBJECT ADDED ENTRY--TOPICAL TERM | |
| Topical Term | Revolutionaries |
| 650 #4 - SUBJECT ADDED ENTRY--TOPICAL TERM | |
| Topical Term | Borowitz Collection |
| 942 ## - ADDED ENTRY ELEMENTS (KOHA) | |
| Koha item type | សៀវភៅភាសាអង់គ្លេស |
| 952 ## - LOCATION AND ITEM INFORMATION (KOHA) | |
| Withdrawn status [LOCAL, KOHA] | 0 |
| Permanent Location | Date acquired | Koha item type | Lost status | Shelving location | Barcode | Current Location | Full call number |
|---|---|---|---|---|---|---|---|
| Library Block A | 2018-04-25 | សៀវភៅភាសាអង់គ្លេស | A087 | A10044 | Library Block A | 947 SIM 1967 A087 Or. |